书目信息 |
| 题名: |
诗经与周代社会研究
|
|
| 作者: | 孙作云 著 | |
| 分册: | ||
| 出版信息: | 北京 中华书局 1979 |
|
| 页数: | 424页 | |
| 开本: | 20cm | |
| 丛书名: | ||
| 单 册: | ||
| 中图分类: | K224.07 , I207.2 | |
| 科图分类: | ||
| 主题词: | 史评--中国--西周时代 , 文学--中国 | |
| 电子资源: | ||
| ISBN: | ||
| 000 | 00635nam0 2200241 45 | |
| 001 | 1537603078 | |
| 005 | 20170926110216.53 | |
| 010 | @dCNY1.90 | |
| 100 | @a19950920d1979 em y0chiy0121 ea | |
| 101 | 0 | @achi |
| 102 | @aCN@b110000 | |
| 105 | @ay z 000yy | |
| 200 | 10 | @a诗经与周代社会研究@Ashi jing yu zhou dai she hui yan jiu@f孙作云著 |
| 210 | @a北京@c中华书局@d1979 | |
| 215 | @a424页@d20cm | |
| 605 | @a诗经@x研究 | |
| 606 | @a史评@y中国@z西周时代 | |
| 606 | 0 | @a文学@x中国 |
| 690 | @aK224.07@v3 | |
| 690 | @aI207.2@v4 | |
| 701 | 0 | @a孙作云@Asun zuo yun@4著 |
| 801 | 0 | @aCN@bTSSF@c20150123 |
| 905 | @aZUCC@dI207.2@eJY65 | |
| 诗经与周代社会研究/孙作云著.-北京:中华书局,1979 |
| 424页;20cm |
| ISBN :CNY1.90 |
| ● |
| 相关链接 |
|
|
|
|
正题名:诗经与周代社会研究
索取号:I207.2/JY65
 
预约/预借
| 序号 | 登录号 | 条形码 | 馆藏地/架位号 | 状态 | 备注 |
| 1 | 7844213 | 278442133 | 学院路分馆/ [索取号:I207.2/JY65] | 在馆 |